OFC Nations Cup top 4 and host country - Statistics

General Stats
  • This quiz has been taken 293 times
  • The average score is 7 of 10
Answer Stats
Answer % Correct
Australia
99%
New Zealand
99%
Fiji
96%
Solomon Islands
89%
Vanuatu
84%
Papua New Guinea
82%
Tahiti
82%
New Caledonia
74%
French Polynesia
22%
New Hebrides
12%
No matching quizzes found
Score Distribution
Percent of People with Each Score
Percentile by Number Answered
Your Score History
You have not taken this quiz